Aquatic arsenic toxicity and treatment / (Record no. 15239)

000 -LEADER
fixed length control field 00488cam a22001937a 4500
020 ## - INTERNATIONAL STANDARD BOOK NUMBER
ISBN 9057821303 (hd. bd.)
040 ## - CATALOGING SOURCE
Transcribing agency OHX
082 00 - DEWEY DECIMAL CLASSIFICATION NUMBER
Classification number 615 BAC 2003 A055 Or.
245 00 - TITLE STATEMENT
Title Aquatic arsenic toxicity and treatment /
260 ## - PUBLICATION, DISTRIBUTION, ETC. (IMPRINT)
Place of publication Leiden :
Name of publisher Backhuys,
Year of publication 2003.
300 ## - PHYSICAL DESCRIPTION
Number of Pages xiv, 165 p. :
Other physical details ill. (some col.), maps ;
Dimensions 25 cm.
650 #0 - SUBJECT ADDED ENTRY--TOPICAL TERM
Topical Term Arsenic
650 #0 - SUBJECT ADDED ENTRY--TOPICAL TERM
Topical Term Drinking water
650 #0 - SUBJECT ADDED ENTRY--TOPICAL TERM
Topical Term Arsenic
650 #0 - SUBJECT ADDED ENTRY--TOPICAL TERM
Topical Term Water
700 1# - ADDED ENTRY--PERSONAL NAME
Personal name Murphy, Tom
700 1# - ADDED ENTRY--PERSONAL NAME
Personal name Guo, Jay.
942 ## - ADDED ENTRY ELEMENTS (KOHA)
Koha item type សៀវភៅភាសាអង់គ្លេស
952 ## - LOCATION AND ITEM INFORMATION (KOHA)
Withdrawn status [LOCAL, KOHA] 0
Holdings
Permanent Location Date acquired Koha item type Lost status Shelving location Barcode Current Location Full call number
Library Block A2017-11-14សៀវភៅភាសាអង់គ្លេស A055A07498Library Block A615 BAC 2003 A055 Or.
មជ្ឈមណ្ឌលឯការនៃសាកលវិទ្យាល័យភូមិន្ទកសិកម្មចំការដូង

Powered by Koha